हिन्दी साहित्य कोश (Record no. 116490)

MARC details
000 -LEADER
fixed length control field 00854nam a2200253Ia 4500
003 - CONTROL NUMBER IDENTIFIER
control field OSt
005 - DATE AND TIME OF LATEST TRANSACTION
control field 20220918111023.0
008 - FIXED-LENGTH DATA ELEMENTS--GENERAL INFORMATION
fixed length control field 220915b |||||||| |||| 00| 0 hin d
037 ## - SOURCE OF ACQUISITION
Terms of availability Reference Collections
040 ## - CATALOGING SOURCE
Original cataloging agency ARTS
Transcribing agency ARTS
Language of cataloging hin
041 ## - LANGUAGE CODE
Source of code hin
Language code of text/sound track or separate title hin
100 ## - MAIN ENTRY--PERSONAL NAME
Personal name वर्मा, धीरेन्द्र
245 #0 - TITLE STATEMENT
Title हिन्दी साहित्य कोश
246 ## - VARYING FORM OF TITLE
Title proper/short title Hindī sāhitya kosha
260 ## - PUBLICATION, DISTRIBUTION, ETC.
Place of publication, distribution, etc. वाराणसी
Name of publisher, distributor, etc. ज्ञानमण्डल भारत
Date of publication, distribution, etc. 1958
300 ## - PHYSICAL DESCRIPTION
Extent 664पृ0, ््
650 ## - SUBJECT ADDED ENTRY--TOPICAL TERM
Topical term or geographic name entry element हिन्दी साहित्य
942 ## - ADDED ENTRY ELEMENTS (KOHA)
Classification part O152k, J8.2(RR)
Koha item type Reference

No items available.

Copyright @ Delhi University Library System